Scottish Cup Winners - Statistics

General Stats
  • This quiz has been taken 55 times
  • The average score is 17 of 25
Answer Stats
Amount Answer % Correct
41 Celtic
98%
34 Rangers
98%
8 Aberdeen
96%
8 Heart of Midlothian
96%
1 Dundee
92%
3 Hibernian
92%
2 Dundee United
88%
1 Inverness Caledonian Thistle
86%
3 St Mirren
86%
2 Motherwell
84%
2 Falkirk
82%
3 Kilmarnock
82%
2 St Johnstone
82%
10 Queen's Park
76%
2 Dunfermline Athletic
67%
1 Dumbarton
61%
2 Third Lanark
57%
1 Partick Thistle
55%
3 Clyde
53%
1 Greenock Morton
51%
1 East Fife
47%
1 Airdrieonians
31%
1 St Bernard's
22%
3 Vale of Leven
20%
2 Renton
16%
No matching quizzes found
Score Distribution
Percent of People with Each Score
Percentile by Number Answered
Your Score History
You have not taken this quiz